000
00291nam a22001337a 4500
008
181031b xxu||||| |||| 00| 0 eng d
020
_a
9780205129959
041
_a
eng
080
_a
341
100
_a
15
101
_a
SHJ
245
_a
Effective Argument
_c
Nicholas, J.K
942
_2
udc
_c
BK
999
_c
51326
_d
51326